Géographie de l'Amérique du Nord par lettre - F - Statistiques

Statistiques générales
  • Ce quiz a été pris 228 fois
    193 depuis la dernière actualisation
  • Le résultat moyen est 8 sur 20
Statistiques - réponses
Indice Réponse % Correct
L'état de Miami Floride
99%
Langue officielle du Québec Français
98%
Saint-Laurent ou Mississippi par exemple Fleuve
91%
Sport déclencheur d'une guerre entre le Salvador et le Honduras en 1969 Football
87%
Chef-lieu de la Martinique Fort-de-France
78%
Celle de San Andreas est connue pour ses séismes importants Faille
77%
Principal dirigeant de la révolution cubaine Fidel Castro
77%
Ce qui a ravagé la ville canadienne de Fort McMurray en 2016 Feu de forêt
41%
Type de vallée présent dans le nord du Canada Fjord
36%
Camp militaire américain où est entreposée la réserve d'or du pays Fort Knox
28%
Deuxième plus grande ville d'Alaska Fairbanks
22%
Capitale du Kentucky Frankfort
19%
Grande ville voisine de Dallas Fort Worth
17%
Célèbre hôtel de luxe à Québec: Château... Frontenac
14%
Oiseau présent sur les armoiries des Bahamas Flamant rose
13%
Ville californienne; important centre agricole Fresno
12%
Capitale du Nouveau-Brunswick Fredericton
9%
Plus grande ville du Dakota du Nord Fargo
8%
Baie canadienne connue pour avoir les plus grandes marées au monde Baie de {Fundy}
5%
Golfe qui borde le Salvador à l'est, l'Honduras au sud et le Nicaragua à l'ouest Golfe de {Fonseca}
2%
Aucun quiz correspondant
Distribution des résultats
% des personnes avec chaque résultat
Percentile par nombre de réponses
Votre historique - résultats
Vous n’avez pas pris ce quiz depuis la dernière actualisation